[Event "SVK-ch U16"]
[Site "Tatralandia"]
[Date "2024.04.12"]
[Round "9"]
[White "Rebro, Damian"]
[Black "Simunek, Matej"]
[Result "1/2-1/2"]
[WhiteElo "1825"]
[BlackElo "1711"]
[PlyCount "29"]
[EventDate "2024.04.05"]
[EventType "swiss"]
[EventRounds "9"]
[EventCountry "SVK"]
[SourceTitle "CBM 219 Extra"]
[Source "ChessBase"]
[SourceDate "2024.05.31"]
[SourceVersion "1"]
[SourceVersionDate "2024.05.31"]
[SourceQuality "1"]

1. e4 c6 2. d4 d5 3. f3 dxe4 4. fxe4 e5 5. Nf3 Bg4 6. Bc4 Nd7 7. 0-0 Ngf6 8. c3 Bd6 9. Bg5 Qc7 10. Nbd2 0-0 11. Qc2 b5 12. Bd3 a6 13. h3 Bh5 14. a4 Rfe8 15. Nh4 1/2-1/2

[Event "SVK-ch U16"]
[Site "Tatralandia"]
[Date "2024.04.07"]
[Round "4"]
[White "Rebro, Damian"]
[Black "Liska, Leo"]
[Result "1/2-1/2"]
[WhiteElo "1825"]
[BlackElo "1361"]
[PlyCount "26"]
[EventDate "2024.04.05"]
[EventType "swiss"]
[EventRounds "9"]
[EventCountry "SVK"]
[SourceTitle "CBM 219 Extra"]
[Source "ChessBase"]
[SourceDate "2024.05.31"]
[SourceVersion "1"]
[SourceVersionDate "2024.05.31"]
[SourceQuality "1"]

1. e4 c6 2. d4 d5 3. f3 dxe4 4. fxe4 e5 5. Nf3 Bg4 6. Bc4 Nd7 7. 0-0 Ngf6 8. c3 Bd6 9. Bg5 0-0 10. Nbd2 Qb6 11. Qc2 Rae8 12. Rae1 h6 13. Bh4 Re7 1/2-1/2

[Event "SVK-ch U16"]
[Site "Tatralandia"]
[Date "2024.04.06"]
[Round "2"]
[White "Rebro, Damian"]
[Black "Benci, Jozef1"]
[Result "1-0"]
[WhiteElo "1825"]
[BlackElo "2040"]
[PlyCount "53"]
[EventDate "2024.04.05"]
[EventType "swiss"]
[EventRounds "9"]
[EventCountry "SVK"]
[SourceTitle "CBM 219 Extra"]
[Source "ChessBase"]
[SourceDate "2024.05.31"]
[SourceVersion "1"]
[SourceVersionDate "2024.05.31"]
[SourceQuality "1"]

1. e4 c5 2. Nf3 d6 3. d4 cxd4 4. Nxd4 Nf6 5. Nc3 a6 6. Rg1 h6 7. g4 e6 8. h4 g6 9. g5 Nfd7 10. h5 gxh5 11. Qxh5 Ne5 12. gxh6 Qb6 13. Nb3 Nbc6 14. Be3 Qc7 15. 0-0-0 b5 16. h7 Ng6 17. f4 Qe7 18. f5 Qh4 19. Qxh4 Nxh4 20. Rh1 Nf3 21. Be2 Nfe5 22. Rdg1 exf5 23. Nd5 Rb8 24. Rg8 Ng6 25. Bg5 f6 26. Bxf6 Kf7 27. Bxh8 1-0

[Event "SVK-chT3B2 2324"]
[Site "Slovakia"]
[Date "2024.02.18"]
[Round "8.5"]
[White "Rebro, Damian"]
[Black "Janoska, Peter"]
[Result "0-1"]
[WhiteElo "1000"]
[BlackElo "1439"]
[PlyCount "40"]
[EventDate "2023.10.15"]
[EventType "team-tourn"]
[EventRounds "11"]
[EventCountry "SVK"]
[SourceTitle "EXT 2025"]
[Source "ChessBase"]
[SourceDate "2024.10.14"]
[SourceVersion "1"]
[SourceVersionDate "2024.10.14"]
[SourceQuality "1"]
[WhiteTeam "Puchov Vcielka"]
[BlackTeam "Povazske Podhradie II"]
[WhiteTeamCountry "SVK"]
[BlackTeamCountry "SVK"]

1. e4 c5 2. Nf3 e6 3. d4 cxd4 4. Nxd4 Nf6 5. Nc3 Nc6 6. Nxc6 bxc6 7. e5 Nd5 8. Nxd5 cxd5 9. Bd3 d6 10. exd6 Bxd6 11. 0-0 Qc7 12. f4 f5 13. Kh1 0-0 14. h3 Rb8 15. c3 Qc6 16. Qe2 Re8 17. Qf2 Bc5 18. Qg3 Ba6 19. Bxa6 Qxa6 20. b4 Qxf1+ 0-1

[Event "SVK-chT3B2 2324"]
[Site "Slovakia"]
[Date "2023.12.10"]
[Round "5.5"]
[White "Rebro, Damian"]
[Black "Sunal, Jan"]
[Result "0-1"]
[WhiteElo "1000"]
[BlackElo "1709"]
[PlyCount "104"]
[EventDate "2023.10.15"]
[EventType "team-tourn"]
[EventRounds "11"]
[EventCountry "SVK"]
[SourceTitle "EXT 2025"]
[Source "ChessBase"]
[SourceDate "2024.10.14"]
[SourceVersion "1"]
[SourceVersionDate "2024.10.14"]
[SourceQuality "1"]
[WhiteTeam "Puchov Vcielka"]
[BlackTeam "Lehota pod Vtacnikom"]
[WhiteTeamCountry "SVK"]
[BlackTeamCountry "SVK"]

1. e4 e5 2. Nf3 d6 3. Bc4 Be7 4. d4 exd4 5. Qxd4 Nf6 6. Nc3 0-0 7. 0-0 Nc6 8. Qd1 Bg4 9. Be3 a6 10. Be2 h6 11. h3 Bh5 12. Nd2 Bg6 13. f4 Rc8 14. Qe1 Kh8 15. a3 b5 16. Kh2 Ng8 17. g4 Bf6 18. Qf2 Bh4 19. Qg2 Bf6 20. Nb3 Bxc3 21. bxc3 Qe8 22. Bd3 Nd8 23. f5 Bh7 24. g5 hxg5 25. Qxg5 f6 26. Qg2 c5 27. Rg1 Rc7 28. Be2 Qe5+ 29. Kh1 Bxf5 30. exf5 Qxe3 31. Nd2 Qxd2 32. Rad1 Qxc2 33. Rxd6 Nh6 34. Rgd1 Ndf7 35. Rxa6 Re8 36. Rg1 Ng5 37. h4 Ne4 38. Re6 Rxe6 39. fxe6 Qxc3 40. Bxb5 Ng4 41. Rf1 Ng3+ 42. Kg1 Qd4+ 43. Rf2 Nxf2 44. Qxf2 Qxh4 45. Qh2 Qxh2+ 46. Kxh2 Nf5 47. Bd7 c4 48. a4 c3 49. a5 c2 50. a6 c1Q 51. Kh3 Qg1 52. a7 Qg3# 0-1

[Event "SVK-chT3B2 2324"]
[Site "Slovakia"]
[Date "2023.10.22"]
[Round "2.3"]
[White "Sosovicka, Marian"]
[Black "Rebro, Damian"]
[Result "1-0"]
[WhiteElo "1440"]
[BlackElo "1000"]
[PlyCount "107"]
[EventDate "2023.10.15"]
[EventType "team-tourn"]
[EventRounds "11"]
[EventCountry "SVK"]
[SourceTitle "EXT 2025"]
[Source "ChessBase"]
[SourceDate "2024.10.14"]
[SourceVersion "1"]
[SourceVersionDate "2024.10.14"]
[SourceQuality "1"]
[WhiteTeam "Dubnica nad Vahom IV"]
[BlackTeam "Puchov Vcielka"]
[WhiteTeamCountry "SVK"]
[BlackTeamCountry "SVK"]

1. e4 e5 2. c3 d5 3. Nf3 Nc6 4. Bb5 Qd6 5. Bxc6+ bxc6 6. d4 exd4 7. Qxd4 dxe4 8. Qxe4+ Be7 9. Bf4 Qd7 10. Ne5 Nf6 11. Qxc6 Qxc6 12. Nxc6 Nd5 13. Bg3 Bc5 14. 0-0 0-0 15. c4 Nb4 16. Nxb4 Bxb4 17. a3 Bd6 18. Bxd6 cxd6 19. b4 a5 20. Nd2 Be6 21. Rfc1 Rfc8 22. b5 d5 23. c5 a4 24. Rab1 Bf5 25. Rb4 Bd3 26. b6 Rc6 27. Rd4 Ba6 28. Rxd5 Rac8 29. Ne4 Rxb6 30. Rcd1 Rbb8 31. c6 Bc4 32. Rc5 Bb3 33. Rd7 Be6 34. Rb7 Bd5 35. Nd6 g6 36. Nxc8 Rxc8 37. Rxd5 Rxc6 38. g3 Rc3 39. Ra7 Rxa3 40. Rda5 Kg7 41. Rxa4 Rf3 42. Kg2 Rf6 43. Rf4 Rxf4 44. gxf4 Kf6 45. Kg3 h5 46. h4 Kg7 47. Kf3 Kf6 48. Ke4 Ke6 49. Ra6+ Ke7 50. Ke5 Kf8 51. Kf6 Kg8 52. Ra7 g5 53. fxg5 Kh7 54. Rxf7+ 1-0